书目信息 |
| 题名: |
国外社会科学前沿
|
|
| 作者: | 王贻志 , 莫建备 主编 ;荣跃明 , 徐觉哉 副主编 | |
| 分册: | 第11辑 | |
| 出版信息: | 上海 上海人民出版社 2008 |
|
| 页数: | 745页 | |
| 开本: | 24cm | |
| 丛书名: | ||
| 单 册: | ||
| 中图分类: | C11 | |
| 科图分类: | ||
| 主题词: | 社会科学--She Hui Ke Xue--研究--外国 | |
| 电子资源: | ||
| ISBN: | 978-7-208-07660-0 | |
| 000 | 01145nam0 2200277 450 | |
| 001 | 1235978155 | |
| 005 | 20121003100028.17 | |
| 010 | @a978-7-208-07660-0@dCNY60.00 | |
| 100 | @a20080313d2008 em y0chiy0121 ea | |
| 101 | 0 | @achi |
| 102 | @aCN@b310000 | |
| 105 | @aa z 000yy | |
| 200 | 1 | @a国外社会科学前沿@AGuo Wai She Hui Ke Xue Qian Yan@d= International studies of social sciences@h第11辑@h2007@f王贻志, 莫建备主编@8Wang Yi Zhi , Mo Jian Bei Zhu Bian@g荣跃明, 徐觉哉副主编@zeng |
| 210 | @a上海@c上海人民出版社@d2008 | |
| 215 | @a745页@c图@d24cm | |
| 304 | @a上海市哲学社会科学规划办公室, 上海社会科学院信息研究所编 | |
| 330 | @a本书有对前沿理论的专题研究,对学科发展的重点阐述,对流行思潮的深层分析,对热点问题的综合评论,对国际会议的追踪报道,对领军人物的全面介绍等。 | |
| 510 | 1 | @aInternational studies of social sciences@h2007@zeng |
| 606 | 0 | @a社会科学@AShe Hui Ke Xue@x研究@y外国 |
| 690 | @aC11@v4 | |
| 701 | 0 | @a王贻志@AWang Yi Zhi@4主编 |
| 701 | 0 | @a莫建备@AMo Jian Bei@4主编 |
| 702 | 0 | @a荣跃明@ARong Yue Ming@4副主编 |
| 702 | 0 | @a徐觉哉@AXu Jue Zai@4副主编 |
| 801 | 0 | @aCN@bNLC@c20101222 |
| 905 | @a10447@dC11@eJY125 | |
| 国外社会科学前沿= International studies of social sciences.第11辑.2007/王贻志, 莫建备主编/荣跃明, 徐觉哉副主编.-上海:上海人民出版社,2008 |
| 745页:图;24cm |
| ISBN 978-7-208-07660-0:CNY60.00 |
| 本书有对前沿理论的专题研究,对学科发展的重点阐述,对流行思潮的深层分析,对热点问题的综合评论,对国际会议的追踪报道,对领军人物的全面介绍等。 |
| ● |
| 相关链接 |
|
|
|
|
正题名:国外社会科学前沿
索取号:C11/JY125
 
预约/预借
| 序号 | 登录号 | 条形码 | 馆藏地/架位号 | 状态 | 备注 |
| 1 | 7810244 | 278102447 | 学院路分馆/ [索取号:C11/JY125] | 在馆 | |
| 2 | 7810245 | 278102456 | 学院路分馆/ [索取号:C11/JY125] | 在馆 |